• 首页
  • 本馆介绍
  • 公告通知
  • 最新文献
  • 馆藏检索
  • 电子资源
  • 读者导购
  • 参考咨询
  • 我的图书馆
  • 登录
  • 详细信息显示
  • 放入我的书架
  • 预约/预借图书
  • 作者相关作品
  • 分类相关作品
  • 丛书相关作品
  • 出版社相关作品

书目信息

  • 表格格式
  • 工作单格式
  • 卡片格式
题名:
中国古代天文学思想
    
 
作者: 陈美东 著
分册:  
出版信息: 北京   中国科学技术出版社  2008.12
页数: 10,480页
开本: 24cm
丛书名: “十一五”国家重点图书出版规划项目·科技史文库
单 册:
中图分类: P1-092
科图分类:
主题词: 天文学史--中国--古代 , 天文学史
电子资源:
ISBN: 978-7-5046-4837-2
000 01048oam2 2200301 450
001 012009026511
005 20091207085322.33
010    @a978-7-5046-4837-2@dCNY80.00
100    @a20090320d2008 em y0chiy0110 ea
101 0  @achi
102    @aCN@b110000
105    @aak z 000yy
106    @ar
200 1  @a中国古代天文学思想@9zhong guo gu dai tian wen xue si xiang@f陈美东著
210    @a北京@c中国科学技术出版社@d2008.12
215    @a10,480页@c图@d24cm
225 2  @a“十一五”国家重点图书出版规划项目·科技史文库
225 2  @a中国天文学史大系
300    @a国家科学技术学术著作出版基金资助出版
330    @a本书收录了古人在探究自然现象的奥秘时,从各自的基础或前提出发,阐发了丰富多彩的理论,撰写了中国古代天文学思想的篇章。
461  0 @12001 @a“十一五”国家重点图书出版规划项目·科技史文库
461  0 @12001 @a中国天文学史大系
606 0  @a天文学史@y中国@z古代
606 0  @a天文学史
690    @aP1-092@v4
701  0 @a陈美东@9chen mei dong@4著
801  0 @aCN@bRENTIAN@c20091207
905    @b20795696-700@dP1-092@e145@f5
    
    中国古代天文学思想/陈美东著.-北京:中国科学技术出版社,2008.12
    10,480页:图;24cm.-(“十一五”国家重点图书出版规划项目·科技史文库).-(中国天文学史大系)
    国家科学技术学术著作出版基金资助出版
    
    ISBN 978-7-5046-4837-2:CNY80.00
    本书收录了古人在探究自然现象的奥秘时,从各自的基础或前提出发,阐发了丰富多彩的理论,撰写了中国古代天文学思想的篇章。
●
相关链接 在E读中查询图书 在五车中查询图书 在当当中查询图书 在豆瓣中查询图书


正题名:中国古代天文学思想     索取号:P1-092/145         预约/预借

序号 登录号 条形码 馆藏地/架位号 状态 备注
1 795696   207956960   第二样本阅览室/ [索取号:P1-092/145] 在馆    
2 795697   207956979   第三借阅区/ [索取号:P1-092/145] 在馆    
3 795698   207956988   第三借阅区/ [索取号:P1-092/145] 在馆    
4 795699   207956997   第三借阅区/ [索取号:P1-092/145] 在馆    
5 795700   207957004   第三借阅区/ [索取号:P1-092/145] 在馆    
唐山师范学院图书馆 欢迎您!
大连网信软件有限公司© 版权所有